Statistical design and analysis of experiments /

Guardado en:
Autor Principal: John, Peter William Meredith.
Formato: Libro
Idioma:English
Publicado: New York : Macmillan, c1971.
Materias:
Etiquetas: Agregar Etiqueta
Sin Etiquetas, Sea el primero en etiquetar este registro!
LEADER 00609nam a2200193 a 4500
001 MAT.inmabb004634
008 710222s1971####nyu######b####001#0#eng##
005 20130409152442.0
245 1 0 |a Statistical design and analysis of experiments /  |c Peter W. M. John. 
260 |a New York :  |b Macmillan,  |c c1971. 
300 |a xii, 356 p. ;  |c 24 cm. 
504 |a Bibliografía: p. 339-350. 
510 4 |a MR,  |c 42 #8625 
100 1 |a John, Peter William Meredith. 
650 0 |a Experimental design. 
084 |a 62Kxx (62-01)  |2 msc2000 
010 |a  75121672  
040 |a DLC  |c DLC  |d DLC 
859 |h 62  |i J65  |p A-4302  |b BIB. MATEMATICA